ANALYSIS AND DESIGN OF INFORMATION SYSTEMS (Record no. 216341)
[ view plain ]
| 000 -LEADER | |
|---|---|
| fixed length control field | 00489nam a22001817a 4500 |
| 008 - FIXED-LENGTH DATA ELEMENTS--GENERAL INFORMATION | |
| fixed length control field | 251209b |||||||| |||| 00| 0 eng d |
| 020 ## - INTERNATIONAL STANDARD BOOK NUMBER | |
| International Standard Book Number | 978-81-203-4384-9 |
| 050 ## - LIBRARY OF CONGRESS CALL NUMBER | |
| Classification number | QA 76.76.O47 R35 2003 |
| 100 ## - MAIN ENTRY--PERSONAL NAME | |
| Personal name | RAJARAMAN V. |
| 245 ## - TITLE STATEMENT | |
| Title | ANALYSIS AND DESIGN OF INFORMATION SYSTEMS |
| 250 ## - EDITION STATEMENT | |
| Edition statement | 3rd |
| 260 ## - PUBLICATION, DISTRIBUTION, ETC. | |
| Place of publication, distribution, etc. | DELHI |
| Name of publisher, distributor, etc. | PHI LEARNING PRIVATE LIMITED |
| Date of publication, distribution, etc. | 2003 |
| 300 ## - PHYSICAL DESCRIPTION | |
| Extent | X,328 |
| 500 ## - GENERAL NOTE | |
| General note | INCLUDES AN INDEX |
| 650 ## - SUBJECT ADDED ENTRY | |
| Topical term or geographic name entry element | SYSTEM ANALYSIS |
| 942 ## - ADDED ENTRY ELEMENTS (KOHA) | |
| Source of classification or shelving scheme | Library of Congress Classification |
| Koha item type | Long Loan Book |
| Withdrawn status | Lost status | Source of classification or shelving scheme | Damaged status | Not for loan | Collection | Home library | Current library | Shelving location | Date acquired | Inventory number | Total checkouts | Full call number | Barcode | Date last seen | Copy number | Price effective from | Koha item type |
|---|---|---|---|---|---|---|---|---|---|---|---|---|---|---|---|---|---|
| Library of Congress Classification | Science & Technology | Kisii University Library | Kisii University Library | On Display | 12/09/2025 | 110549 | QA 76.76.O47 R35 2003 | 000000017919 | 12/09/2025 | C.1 | 12/09/2025 | Long Loan Book | |||||
| Library of Congress Classification | Science & Technology | Kisii University Library | Kisii University Library | On Display | 12/09/2025 | 110550 | QA 76.76.O47 R35 2003 | 000000017920 | 12/09/2025 | C.2 | 12/09/2025 | Long Loan Book | |||||
| Library of Congress Classification | Science & Technology | Kisii University Library | Kisii University Library | On Display | 12/09/2025 | 110551 | QA 76.76.O47 R35 2003 | 000000017921 | 12/09/2025 | C.3 | 12/09/2025 | Long Loan Book | |||||
| Library of Congress Classification | Science & Technology | Kisii University Library | Kisii University Library | On Display | 12/09/2025 | 110552 | QA 76.76.O47 R35 2003 | 000000018705 | 12/09/2025 | C.4 | 12/09/2025 | Long Loan Book |